Grund und Boden in Altägypten : (rechtliche und sozio-ökonomische Verhältnisse) : Akten des internationalen Symposions, Tübingen 18.-20. Juni 1990 /

محفوظ في:

مؤلفون آخرون: Allam, Schafik

التنسيق: كتاب

اللغة: German
English
French

منشور في: Tubingen : Im Selbstverlag des Herausgebers, 1994.

سلاسل: Untersuchungen zum Rechtsleben im alten Ägypten ; 2.

الموضوعات:

الوسوم: إضافة وسم

لا توجد وسوم, كن أول من يضع وسما على هذه التسجيلة!

رقم الطلب: HD130 .G795

LEADER 01073nam a22002897a 4500
003 OSt
005 20250821130012.0
008 250303s1994 gw a g b 000 0 ger d
020 |a 3921299020 
040 |c ARCE Library 
041 0 |a ger  |a eng  |a fre 
043 |a f-ua--- 
050 4 |a HD130   |b .G795  
245 0 0 |a Grund und Boden in Altägypten :   |b (rechtliche und sozio-ökonomische Verhältnisse) : Akten des internationalen Symposions, Tübingen 18.-20. Juni 1990 /   |c herausgegeben von Schafik Allam. 
264 1 |a Tubingen :   |b Im Selbstverlag des Herausgebers,   |c 1994. 
300 |a 417 pages :   |b illustrations ;   |c 25 cm. 
490 1 |a Untersuchungen zum Rechtsleben im alten Ägypten ;   |v 2. 
500 |a OCLC 496082661 
504 |a Includes bibliographical references. 
546 |a German, English, or French. 
650 0 |a Land tenure  |z Egypt  |v Congresses. 
650 0 |a Land use  |z Egypt  |v Congresses. 
700 1 |a Allam, Schafik,  
830 0 |a Untersuchungen zum Rechtsleben im alten Ägypten ;   |v 2. 
901 |a reviewed 
942 |c BK  |2 lcc 
999 |c 22033  |d 22033